header

A political history of early Christianity (Record no. 144181)

MARC details
000 -LEADER
fixed length control field 01446nam a22003734a 4500
082 04 - DEWEY DECIMAL CLASSIFICATION NUMBER
Classification number 261.70901
100 1# - MAIN ENTRY--AUTHOR NAME
Personal name Brent, Allen.
245 12 - TITLE STATEMENT
Title A political history of early Christianity
260 ## - PUBLICATION, DISTRIBUTION, ETC. (IMPRINT)
Place of publication London :
Name of publisher T & T Clark,
Year of publication 2009.
300 ## - PHYSICAL DESCRIPTION
Number of Pages xviii, 326 p.
650 #0 - SUBJECT ADDED ENTRY--TOPICAL TERM
Topical Term Church history
Topical Term Religion and politics
856 40 - ELECTRONIC LOCATION AND ACCESS
Uniform Resource Identifier http://site.ebrary.com/lib/rucke/Doc?id=10427393

No items available.

© 2026 Rongo University
Contact us: librarian | system librarian | Rongo university